L'ecole des femmes /

Fearful of falling victim to marital infidelity, bachelor Arnolphe schemes to marry his guileless young ward, Agnès, whom he has had raised in a convent specifically to be his model wife. However, his naïve plan is spoiled when Agnès runs away with Horace, a fact that Arnolphe learns when Horace unw...

Full description

Bibliographic Details
Corporate Author: Films for the Humanities & Sciences (Firm)
Other Authors: Favart, Michel, Vigner, Eric, Samie, Catherine, Tyczka, Igor, Ruf, Éric, Molière, 1622-1673
Format: Video
Language:French
Language Notes:In French.
Published: Princeton, NJ : Films for the Humanities & Sciences, [1999]
Subjects:
Online Access:Connect to this online video

MARC

Tag First Indicator Second Indicator Subfields
LEADER 00000cgm a2200000Mi 4500
001 in00002849021
005 20190331170821.0
006 m c
007 cr |n|---||a|a
007 vz |z|zu|
008 080405s1999 nju138 o vlfre d
035 |a (OCoLC)ocn630569839 
035 |a (OCoLC)630569839 
040 |a ALSTP  |b eng  |c ALSTP  |d CEF  |d OCLCQ  |d VLB  |d OCLCQ  |d VMC  |d UtOrBLW 
049 |a TXAM 
050 1 4 |a AE5  |b .A860 Internet 
245 0 2 |a L'ecole des femmes /  |c by Jean-Baptiste Poquelin Molière ; directed by Michel Favart. 
264 1 |a Princeton, NJ :  |b Films for the Humanities & Sciences,  |c [1999] 
264 4 |c ©1999 
300 |a 1 streaming video (138 min.) 
336 |a two-dimensional moving image  |b tdi  |2 rdacontent 
337 |a computer  |b c  |2 rdamedia 
338 |a online resource  |b cr  |2 rdacarrier 
500 |a Title from resource description page (viewed Apr. 21, 2010). 
520 |a Fearful of falling victim to marital infidelity, bachelor Arnolphe schemes to marry his guileless young ward, Agnès, whom he has had raised in a convent specifically to be his model wife. However, his naïve plan is spoiled when Agnès runs away with Horace, a fact that Arnolphe learns when Horace unwittingly asks him to conceal her at his home. Before Arnolphe can react, it is revealed that Agnès' wealthy father has formally arranged her marriage to Horace, dashing his hopes forever. 
500 |a Vendor website does not provide whether the original video format used for the online video was VHS or DVD. The VHS was copyrighted for 2000, and the DVD was copyrighted for 2006. 
546 |a In French. 
500 |a Electronic resource. 
650 0 |a French drama (Comedy) 
655 7 |a Nonfiction films.  |2 lcgft 
655 7 |a Documentary films.  |2 lcgft 
655 7 |a Internet videos.  |2 lcgft 
700 1 |a Favart, Michel. 
700 1 |a Vigner, Eric. 
700 1 |a Samie, Catherine. 
700 1 |a Tyczka, Igor. 
700 1 |a Ruf, Éric. 
700 1 |a Molière,  |d 1622-1673.  |t École des femmes. 
710 2 |a Films for the Humanities & Sciences (Firm) 
856 4 0 |u http://proxy.library.tamu.edu/login?url=http://www.aspresolver.com/aspresolver.asp?ATIV;657804  |z Connect to this online video  |t 0 
994 |a 92  |b TXA 
999 |a MARS 
999 f f |s 5f086f28-cee6-3117-b625-4488162452b5  |i dfd4b8f4-3632-30b4-a804-84b9c6d3f8d3  |t 0 
952 f f |a Texas A&M University  |b College Station  |c Electronic Resources  |d Available Online  |t 0  |e AE5 .A860 Internet  |h Library of Congress classification 
998 f f |a AE5 .A860 Internet  |t 0  |l Available Online